000 01283nam a2200265 i 4500
001 bg
100 1 _aSZECHIŃSKI, Mariusz
245 1 0 _aDeformacje zginanych elementów żelbetowych obciążonych długotrwale /
_cMariusz Szechiński.
246 1 1 _aDeformations of the flexed reinforced concrete beams under sustained loads
260 _aWrocław :
_bOficyna Wydawnicza PW,
_c1996.
300 _a298 s. :
_brys., wykr. ;
_c24 cm.
490 1 _aPrace Naukowe Instytutu Budownictwa Politechniki Wrocławskiej. Monografie =
_aScientific Papers of the Institute of Building Engineering of the Technical University of Wrocław. Monographs,
_x0324-9875 ;
_v30
500 _aTyt. równol. : Deformations of the flexed reinforced concrete beams under sustained loads.
500 _aNumeracja ser. gł. : 67.
504 _aBibliogr. s. 242-257. - Summ.
650 9 _aNaprężenia i odkształcenia
_xbadanie
_xmetody
650 9 _aWytrzymałość materiałów
_xbadanie
_xmetody
650 9 _aŻelbet
_xwyroby
_xmechanika
_xbadanie
_xmetody
830 0 _aPrace Naukowe Instytutu Budownictwa Politechniki Wrocławskiej.
_pMonografie ;
_v30
040 _cBPK
041 0 _apl
_ben
080 _a624.07:624.04:666.97/.98:539.3/.6
942 _cKS
008 s pl f |000 0 pol
999 _c31065
_d31065
856 _uhttp://koha.tu.koszalin.pl/cgi-bin/koha/opac-detail.pl?biblionumber=31065
_yKatalog online BPK